Изучение природы активных центров катализаторов на основе металлов подгруппы меди в процессах парциального окисления спиртов; Новые подходы к целенаправленному синтезу и изучению каталитических систем

Dades bibliogràfiques
Parent link:Новые подходы к целенаправленному синтезу и изучению каталитических систем.— 2000.— С. 44
Altres autors: Пестряков А. Н. Алексей Николаевич, Лунин В. В., Темкин О. Н., Кочубей Д. И.
Sumari:Установлено, что в условиях процесса окисления спиртов основными состояниями металлов в катализаторах являются М0 и M+, как изолированные на поверхности носителя, так и входящие в состав частиц фаз и кластеров металла или оксида. Для медных образцов характерно также наличие ионов Cu2+, однако их количество сравнительно невелико. Высших валентных состояний серебра и золота в катализаторах не отмечено. Соотношение долей M0/M+/M2+ зависит от природы носителя, наличия модифицирующих добавок оксидов ряда металлов с различными донорно-акцепторными свойствами, условий приготовления и работы катализаторов. Дисперсность металла практически не оказывает влияния на процесс, т. к. в окислении спиртов используются катализаторы с низкой удельной поверхностью и высоким содержанием активной фазы.
В фонде НТБ ТПУ отсутствует
Idioma:rus
Publicat: 2000
Matèries:
Format: MixedMaterials Capítol de llibre
KOHA link:https://koha.lib.tpu.ru/cgi-bin/koha/opac-detail.pl?biblionumber=599081

MARC

LEADER 00000naa0a2200000 4500
001 599081
005 20250415161413.0
035 |a (RuTPU)RU\TPU\tpu\22928 
035 |a RU\TPU\tpu\22927 
090 |a 599081 
100 |a 20130325d2000 k y0rusy50 ca 
101 0 |a rus 
102 |a RU 
200 1 |a Изучение природы активных центров катализаторов на основе металлов подгруппы меди в процессах парциального окисления спиртов  |f А. Н. Пестряков [и др.] 
330 |a Установлено, что в условиях процесса окисления спиртов основными состояниями металлов в катализаторах являются М0 и M+, как изолированные на поверхности носителя, так и входящие в состав частиц фаз и кластеров металла или оксида. Для медных образцов характерно также наличие ионов Cu2+, однако их количество сравнительно невелико. Высших валентных состояний серебра и золота в катализаторах не отмечено. Соотношение долей M0/M+/M2+ зависит от природы носителя, наличия модифицирующих добавок оксидов ряда металлов с различными донорно-акцепторными свойствами, условий приготовления и работы катализаторов. Дисперсность металла практически не оказывает влияния на процесс, т. к. в окислении спиртов используются катализаторы с низкой удельной поверхностью и высоким содержанием активной фазы. 
333 |a В фонде НТБ ТПУ отсутствует 
463 |t Новые подходы к целенаправленному синтезу и изучению каталитических систем  |o семинар памяти профессора Ю. И. Ермакова, 6-8 июня 2000 г., г. Новосибирск  |o тезисы докладов  |v С. 44  |d 2000 
610 1 |a труды учёных ТПУ 
701 1 |a Пестряков  |b А. Н.  |c химик  |c профессор Томского политехнического университета, доктор химических наук  |f 1963-  |g Алексей Николаевич  |3 (RuTPU)RU\TPU\pers\27694  |4 070  |9 12768 
701 1 |a Лунин  |b В. В. 
701 1 |a Темкин  |b О. Н. 
701 1 |a Кочубей  |b Д. И. 
801 1 |a RU  |b 63413507  |c 20130227 
801 2 |a RU  |b 63413507  |c 20130325  |g RCR 
850 |a 63413507 
942 |c BK